[Event "Open A"]
[Site "Cortina d'Ampezzo"]
[Date "2005.07.14"]
[Round "6.3"]
[White "Genocchio, Daniele"]
[Black "Drazic, Sinisa"]
[Result "0-1"]
[WhiteElo "2306"]
[BlackElo "2497"]
[PlyCount "76"]
[EventDate "2005.07.10"]
[EventType "swiss"]
[EventRounds "9"]
[EventCountry "ITA"]

1. e4 Nf6 2. d3 g6 3. g3 Bg7 4. Bg2 d6 5. f4 O-O 6. Nf3 c5 7. Nc3 Nc6 8. O-O Bg4 9. h3 Bxf3 10. Qxf3 Nd7 11. Nd5 b5 12. g4 Nb6 13. c3 b4 14. Bd2 Rb8 15. g5 bxc3 16. bxc3 Nxd5 17. exd5 Rb2 18. Bc1 Rxg2+ 19. Qxg2 Bxc3 20. Rb1 Nd4 21. Rb7 a5 22. Kh2 Nf5 23. Qc2 Bd4 24. Qa4 Kg7 25. Bd2 h6 26. gxh6+ Kxh6 27. Bxa5 Qa8 28. Qb5 Kg7 29. a4 Ne3 30. Rb1 Nxd5 31. Bd2 Rh8 32. Qd7 Bf6 33. a5 Nb4 34. Bxb4 cxb4 35. Ra7 Qf3 36. Rg1 Qxf4+ 37. Kg2 Rh5 38. Qc6 Rg5+ 0-1

[Event "Open A"]
[Site "Cortina d'Ampezzo"]
[Date "2005.07.14"]
[Round "6.4"]
[White "Cacco, Christian"]
[Black "Guido, Flavio"]
[Result "1-0"]
[WhiteElo "2348"]
[BlackElo "2305"]
[PlyCount "43"]
[EventDate "2005.07.10"]
[EventType "swiss"]
[EventRounds "9"]
[EventCountry "ITA"]

1. d4 Nf6 2. Nf3 e6 3. Bg5 c5 4. e3 h6 5. Bh4 cxd4 6. exd4 b6 7. Bd3 Bb7 8. O-O Be7 9. Nbd2 O-O 10. Re1 d6 11. c3 Nbd7 12. a4 a6 13. Nc4 Nh5 14. Nxd6 Bxf3 15. Bxe7 Qxe7 16. Qxf3 Qxd6 17. Qxh5 a5 18. Re3 Rfd8 19. Rae1 Rac8 20. Rf3 Nf6 21. Rxf6 gxf6 22. Qxh6 1-0

[Event "Open A"]
[Site "Cortina d'Ampezzo"]
[Date "2005.07.14"]
[Round "6.10"]
[White "Dvirnyy, Danyyil"]
[Black "Popa, Claudio"]
[Result "1/2-1/2"]
[WhiteElo "2141"]
[BlackElo "2183"]
[PlyCount "31"]
[EventDate "2005.07.10"]
[EventType "swiss"]
[EventRounds "9"]
[EventCountry "ITA"]

1. e4 e5 2. Nf3 Nc6 3. d4 exd4 4. Bc4 Nf6 5. O-O Nxe4 6. Re1 d5 7. Bxd5 Qxd5 8. Nc3 Qa5 9. Nxe4 Be6 10. Neg5 O-O-O 11. Nxe6 fxe6 12. Rxe6 Bd6 13. Bg5 Rdf8 14. Bh4 Qd5 15. Qe2 h6 16. Qe4 1/2-1/2

[Event "Open A"]
[Site "Cortina d'Ampezzo"]
[Date "2005.07.14"]
[Round "6.17"]
[White "Forato, Enrico"]
[Black "Maneschi, Giuseppe"]
[Result "1/2-1/2"]
[WhiteElo "1974"]
[BlackElo "2086"]
[PlyCount "56"]
[EventDate "2005.07.10"]
[EventType "swiss"]
[EventRounds "9"]
[EventCountry "ITA"]

1. e4 d6 2. d4 Nf6 3. Nc3 g6 4. f3 c6 5. Be3 b5 6. e5 Nfd7 7. exd6 exd6 8. Qd2 d5 9. O-O-O Nb6 10. Nh3 Be6 11. Re1 b4 12. Ne2 Nc4 13. Qd3 Qa5 14. Kb1 b3 15. Nc3 bxa2+ 16. Ka1 Qb4 17. Bc1 Bh6 18. f4 Nd7 19. Be2 Rb8 20. Nxa2 Qb6 21. Qb3 Qxd4 22. Qc3 Bg7 23. Qxd4 Bxd4 24. Bxc4 dxc4 25. Ng5 Nc5 26. c3 Bf6 27. Nxe6 Nxe6 28. Nb4 Rb6 1/2-1/2

[Event "Open A"]
[Site "Cortina d'Ampezzo"]
[Date "2005.07.10"]
[Round "1.10"]
[White "Genocchio, Daniele"]
[Black "Maneschi, Giuseppe"]
[Result "1-0"]
[WhiteElo "2306"]
[BlackElo "2086"]
[PlyCount "139"]
[EventDate "2005.07.10"]
[EventType "swiss"]
[EventRounds "9"]
[EventCountry "ITA"]

1. e4 d6 2. d4 Nf6 3. f3 e5 4. d5 Be7 5. c4 Nh5 6. Nc3 Bg5 7. g3 Bxc1 8. Qxc1 a5 9. Bh3 Na6 10. Qe3 h6 11. Bxc8 Rxc8 12. Nh3 Qd7 13. Nf2 Nc5 14. f4 Qe7 15. f5 Qg5 16. Qf3 g6 17. Rg1 gxf5 18. h4 fxe4 19. Ncxe4 Qg6 20. Qxh5 Nd3+ 21. Kf1 Qxh5 22. Nf6+ Ke7 23. Nxh5 Nxb2 24. Rc1 f5 25. Ke2 Kf7 26. g4 f4 27. Ne4 b6 28. Nhf6 Kg7 29. Rh1 Rcf8 30. g5 Kf7 31. Kf3 hxg5 32. hxg5 Kg6 33. Rh6+ Rxh6 34. gxh6 Kxh6 35. Rg1 Nxc4 36. Ng4+ Kh5 37. Nef6+ Kg5 38. Nd7 Rd8 39. Ngxe5+ Kf5 40. Nxc4 Rxd7 41. Rg4 Re7 42. Rxf4+ Kg6 43. Rg4+ Kf6 44. Ne3 Rh7 45. Rf4+ Kg6 46. a4 Rh3+ 47. Ke4 Rh7 48. Kd3 Rh3 49. Re4 Kf6 50. Kc4 Rh5 51. Kb5 Re5 52. Rxe5 Kxe5 53. Kc4 Ke4 54. Nc2 b5+ 55. axb5 a4 56. Na3 Ke5 57. Nb1 Kf6 58. Nc3 Ke7 59. Nxa4 Kd7 60. Kb4 Kc8 61. Nb2 Kb7 62. Ka5 Ka7 63. Nd3 Kb7 64. Nb4 Ka7 65. Na6 Kb7 66. Nxc7 Kxc7 67. Ka6 Kb8 68. Kb6 Ka8 69. Kc7 Ka7 70. b6+ 1-0

[Event "Open A"]
[Site "Cortina d'Ampezzo"]
[Date "2005.07.10"]
[Round "1.3"]
[White "Dvirnyy, Danyyil"]
[Black "Efimov, Igor"]
[Result "0-1"]
[WhiteElo "2141"]
[BlackElo "2401"]
[PlyCount "64"]
[EventDate "2005.07.10"]
[EventType "swiss"]
[EventRounds "9"]
[EventCountry "ITA"]

1. e4 c5 2. Nf3 e6 3. d4 cxd4 4. Nxd4 Nf6 5. Bd3 Nc6 6. Nb3 d5 7. exd5 Nxd5 8. a3 Qc7 9. O-O Bd6 10. g3 Ne5 11. Be4 Nf6 12. Bg2 Bd7 13. Nd4 Rd8 14. Qe2 a6 15. a4 h6 16. b3 O-O 17. Bb2 Ng6 18. c4 e5 19. Nc2 Bc6 20. Nc3 Bxg2 21. Kxg2 Qc6+ 22. Qf3 e4 23. Qe2 e3+ 24. Qf3 Qxf3+ 25. Kxf3 Ne5+ 26. Ke2 exf2 27. Ne3 Bc5 28. Ned5 Rfe8 29. Nc7 Nxc4+ 30. Nxe8 Rxe8+ 31. Kd3 Nxb2+ 32. Kc2 Bd4 0-1

[Event "Open A"]
[Site "Cortina d'Ampezzo"]
[Date "2005.07.10"]
[Round "1.4"]
[White "Vezzosi, Paolo"]
[Black "Scerbo, Antonio"]
[Result "1-0"]
[WhiteElo "2380"]
[BlackElo "2113"]
[PlyCount "71"]
[EventDate "2005.07.10"]
[EventType "swiss"]
[EventRounds "9"]
[EventCountry "ITA"]

1. d4 Nf6 2. Nf3 g6 3. Bg5 Bg7 4. Nbd2 d5 5. e3 c5 6. c3 cxd4 7. exd4 O-O 8. Bd3 Bf5 9. Bxf5 gxf5 10. Bxf6 Bxf6 11. O-O Nc6 12. Re1 e6 13. Re2 Kh8 14. Nb3 b6 15. Nc1 Rg8 16. Nd3 Rg4 17. h3 Re4 18. Nd2 Qd6 19. Nxe4 fxe4 20. Ne1 Rg8 21. f3 Qg3 22. fxe4 Qxh3 23. Qd3 Rg3 24. exd5 exd5 25. Re3 Rxe3 26. gxh3 Rxd3 27. Nxd3 Kg7 28. Nf4 Ne7 29. Kf2 Bg5 30. Kf3 f5 31. Re1 Kf7 32. Ne6 Bd2 33. Re2 Bc1 34. Nc7 Kf6 35. a4 Kf7 36. b4 1-0

[Event "Open A"]
[Site "Cortina d'Ampezzo"]
[Date "2005.07.10"]
[Round "1.5"]
[White "Alberton, Roberto"]
[Black "Estremera Panos, Sergio"]
[Result "1-0"]
[WhiteElo "2108"]
[BlackElo "2367"]
[PlyCount "79"]
[EventDate "2005.07.10"]
[EventType "swiss"]
[EventRounds "9"]
[EventCountry "ITA"]

1. e4 c5 2. Nf3 d6 3. d4 cxd4 4. Nxd4 Nf6 5. Nc3 Nc6 6. Bg5 e6 7. Qd2 Be7 8. O-O-O Qb6 9. f3 a6 10. Be3 Qc7 11. g4 b5 12. g5 Nd7 13. f4 b4 14. Na4 Bb7 15. b3 Nxd4 16. Bxd4 e5 17. Be3 Bxe4 18. Bg2 Bxg2 19. Qxg2 O-O 20. f5 Rfc8 21. Rhf1 Qc6 22. Rd5 Bf8 23. f6 Rab8 24. Nb2 Rb5 25. Rfd1 Rxd5 26. Rxd5 a5 27. Nc4 a4 28. Qd2 axb3 29. cxb3 gxf6 30. Kb1 f5 31. Nxd6 Bxd6 32. Rxd6 Qe4+ 33. Kb2 Nf8 34. Rb6 f4 35. Bf2 Ne6 36. Rxb4 Qf3 37. Ba7 e4 38. Qd7 Qc3+ 39. Ka3 Qc1+ 40. Ka4 1-0

[Event "Open A"]
[Site "Cortina d'Ampezzo"]
[Date "2005.07.10"]
[Round "1.6"]
[White "Qendro, Llambi"]
[Black "Mercandelli, Claudio"]
[Result "1-0"]
[WhiteElo "2357"]
[BlackElo "2105"]
[PlyCount "45"]
[EventDate "2005.07.10"]
[EventType "swiss"]
[EventRounds "9"]
[EventCountry "ITA"]

1. d4 Nf6 2. c4 g6 3. Nc3 Bg7 4. e4 d6 5. f3 O-O 6. Bg5 h6 7. Be3 c6 8. Qd2 Kh7 9. Nge2 Nbd7 10. g4 h5 11. gxh5 Nxh5 12. Ng3 Nhf6 13. h4 Rh8 14. h5 Nxh5 15. Nxh5 gxh5 16. Rxh5+ Kg8 17. Rxh8+ Kxh8 18. Qh2+ Kg8 19. O-O-O e5 20. dxe5 dxe5 21. Bh3 Qe7 22. Bxd7 Bxd7 23. Rg1 1-0

[Event "Open A"]
[Site "Cortina d'Ampezzo"]
[Date "2005.07.10"]
[Round "1.7"]
[White "Gardi, Giuseppe"]
[Black "Cacco, Christian"]
[Result "0-1"]
[WhiteElo "2099"]
[BlackElo "2348"]
[PlyCount "130"]
[EventDate "2005.07.10"]
[EventType "swiss"]
[EventRounds "9"]
[EventCountry "ITA"]

1. d4 c5 2. e3 d5 3. Nf3 Nc6 4. b3 Bg4 5. Bb2 Nf6 6. Bd3 e6 7. Nbd2 cxd4 8. exd4 Bd6 9. O-O O-O 10. h3 Bh5 11. Qb1 Qc7 12. a3 Rfd8 13. Qe1 Bf4 14. g3 Bxd2 15. Nxd2 Rac8 16. Rc1 a6 17. Qe3 b5 18. Nf3 Bg6 19. Ne5 Bxd3 20. cxd3 Qb7 21. Nxc6 Rxc6 22. Rxc6 Qxc6 23. Rc1 Qd7 24. Kg2 Rc8 25. Rc5 Qb7 26. Qc1 Rxc5 27. dxc5 Qc6 28. Kh2 Nd7 29. b4 f6 30. f4 Nb8 31. Qd1 Qd7 32. Qg4 Kh8 33. h4 Nc6 34. h5 d4 35. Qf3 Kg8 36. Bc1 Kf7 37. g4 g6 38. hxg6+ hxg6 39. Qh3 Kg8 40. Qh6 Qg7 41. Qxg7+ Kxg7 42. Kg3 Kf7 43. Kf3 Ke7 44. Ke4 f5+ 45. Kf3 a5 46. Bd2 axb4 47. axb4 Kf6 48. Be1 e5 49. gxf5 Kxf5 50. fxe5 Nxe5+ 51. Ke2 Kg4 52. Bf2 Nc6 53. Be1 Kf4 54. Bd2+ Kg3 55. Be1+ Kg4 56. Bd2 g5 57. Be1 Kh3 58. Kf3 g4+ 59. Ke4 g3 60. Bxg3 Kxg3 61. Kd5 Nxb4+ 62. Kxd4 Kf4 63. c6 Nxc6+ 64. Kc5 Na7 65. d4 Kf5 0-1

[Event "Open A"]
[Site "Cortina d'Ampezzo"]
[Date "2005.07.10"]
[Round "1.11"]
[White "Crippa, Gabriele"]
[Black "Guido, Flavio"]
[Result "0-1"]
[WhiteElo "2083"]
[BlackElo "2305"]
[PlyCount "56"]
[EventDate "2005.07.10"]
[EventType "swiss"]
[EventRounds "9"]
[EventCountry "ITA"]

1. d4 Nf6 2. Bg5 Ne4 3. Bf4 c5 4. f3 Qa5+ 5. c3 Nf6 6. d5 Qb6 7. Bc1 e6 8. c4 exd5 9. cxd5 c4 10. e3 Bc5 11. Kf2 O-O 12. Bxc4 Re8 13. Qb3 Qd6 14. Qd3 Na6 15. a3 b5 16. Bxb5 Nc7 17. Bc4 Ncxd5 18. Nc3 Nxc3 19. Qxd6 Nce4+ 20. fxe4 Nxe4+ 21. Kf3 Nxd6 22. Bd5 Rb8 23. b4 Bb6 24. e4 Bb7 25. Bf4 Nxe4 26. Bxb8 Bxd5 27. Bf4 Nf2+ 28. Kg3 Nxh1+ 0-1

[Event "Open A"]
[Site "Cortina d'Ampezzo"]
[Date "2005.07.10"]
[Round "1.9"]
[White "Melotti, Dario Valerio"]
[Black "Dragojlovic, Andjelko"]
[Result "0-1"]
[WhiteElo "2093"]
[BlackElo "2320"]
[PlyCount "80"]
[EventDate "2005.07.10"]
[EventType "swiss"]
[EventRounds "9"]
[EventCountry "ITA"]

1. c4 Nf6 2. Nc3 d5 3. cxd5 Nxd5 4. g3 g6 5. Bg2 Nxc3 6. bxc3 Bg7 7. Rb1 Nc6 8. d4 O-O 9. e4 b6 10. Ne2 Na5 11. O-O Ba6 12. Re1 c5 13. e5 Rc8 14. Bb2 Qc7 15. Nc1 Rfd8 16. Nb3 Nc6 17. Qg4 e6 18. Bc1 h5 19. Qh4 Ne7 20. Bg5 Rd7 21. g4 hxg4 22. Qxg4 Nf5 23. Rbc1 Bb7 24. h4 a5 25. h5 a4 26. Nd2 cxd4 27. Bf6 dxc3 28. Ne4 Bxe4 29. Bxe4 Rd4 30. hxg6 fxg6 31. Qxg6 Qf7 32. Qg5 Rcc4 33. f3 b5 34. Re2 Kf8 35. Bxf5 exf5 36. Rg2 Bxf6 37. exf6 Rh4 38. Qxf5 Qa7+ 39. Rf2 Rh1+ 40. Kxh1 Qxf2 0-1

[Event "Open A"]
[Site "Cortina d'Ampezzo"]
[Date "2005.07.10"]
[Round "1.8"]
[White "Mazzilli, Piero"]
[Black "Fontana, Enrico"]
[Result "1-0"]
[WhiteElo "2341"]
[BlackElo "2097"]
[PlyCount "87"]
[EventDate "2005.07.10"]
[EventType "swiss"]
[EventRounds "9"]
[EventCountry "ITA"]

1. d4 Nf6 2. Nc3 c5 3. d5 d6 4. e4 g6 5. f4 Bg7 6. Nf3 Bg4 7. Bc4 Nfd7 8. a4 O-O 9. O-O Na6 10. Nb5 Nc7 11. Qe1 Bxf3 12. Rxf3 a6 13. Nxc7 Qxc7 14. Rh3 Rfb8 15. c3 b6 16. f5 Qb7 17. fxg6 fxg6 18. Qh4 Nf8 19. Bg5 Ra7 20. Rf1 b5 21. axb5 axb5 22. Be2 Rba8 23. Bg4 Ra1 24. Be6+ Kh8 25. Bxe7 Qa7 26. Rhf3 c4+ 27. Kh1 Nxe6 28. dxe6 Re8 29. Bxd6 Rxf1+ 30. Rxf1 Qe3 31. e5 Rxe6 32. Qg4 Re8 33. Qd7 Ra8 34. e6 Qf2 35. Rd1 Qf5 36. Qc6 Rg8 37. e7 Qe6 38. Qxb5 Qe2 39. Qd5 Bf6 40. Qd2 Qxd2 41. Rxd2 Re8 42. Re2 Kg8 43. Re4 Kf7 44. Rxc4 1-0

[Event "Open A"]
[Site "Cortina d'Ampezzo"]
[Date "2005.07.10"]
[Round "1.12"]
[White "Calzetta Ruiz, Monica"]
[Black "Cardili, Mariano"]
[Result "1/2-1/2"]
[WhiteElo "2282"]
[BlackElo "2076"]
[PlyCount "107"]
[EventDate "2005.07.10"]
[EventType "swiss"]
[EventRounds "9"]
[EventCountry "ITA"]

1. e4 e6 2. d4 d5 3. Nd2 c5 4. exd5 Qxd5 5. Ngf3 cxd4 6. Bc4 Qd6 7. O-O Nf6 8. Re1 Nc6 9. Ne4 Qb4 10. b3 Be7 11. Bb2 b5 12. Bd3 Bb7 13. a4 Nxe4 14. Bxe4 bxa4 15. Rxa4 Qb6 16. Nxd4 Bf6 17. Nxc6 Bxc6 18. Bxf6 gxf6 19. Qa1 Rg8 20. Ra6 Bxe4 21. Rxe4 Qb7 22. f3 Rg6 23. Qa4+ Kf8 24. Qb4+ Qxb4 25. Rxb4 Rg5 26. Rb7 Rd5 27. c4 Rd3 28. c5 Ke8 29. b4 Rd7 30. Rb5 Rc7 31. c6 Ke7 32. Rh5 Rb8 33. b5 Kd6 34. Ra5 f5 35. Rxh7 Kc5 36. h4 Rxb5 37. Ra2 Kxc6 38. h5 Kd6 39. Kh2 Ke5 40. Rh8 f4 41. Ra4 f5 42. h6 Rbb7 43. Rg8 Rc1 44. Ra5+ Kf6 45. Ra4 Rh7 46. Rxf4 Rxh6+ 47. Kg3 Rg6+ 48. Rxg6+ Kxg6 49. Ra4 Rc7 50. Ra6 Kf6 51. Kf4 Rb7 52. g3 Rc7 53. g4 fxg4 54. fxg4 1/2-1/2

[Event "Open A"]
[Site "Cortina d'Ampezzo"]
[Date "2005.07.10"]
[Round "1.13"]
[White "Agnelli, Francesco"]
[Black "Molina, Fabrizio"]
[Result "1-0"]
[WhiteElo "2055"]
[BlackElo "2268"]
[PlyCount "115"]
[EventDate "2005.07.10"]
[EventType "swiss"]
[EventRounds "9"]
[EventCountry "ITA"]

1. e4 d6 2. d4 Nf6 3. Nc3 Nbd7 4. Be3 e5 5. f3 Be7 6. Qd2 c6 7. Nge2 h5 8. O-O-O Qc7 9. Kb1 Nb6 10. Nc1 Be6 11. Nb3 O-O 12. Qf2 Nh7 13. h3 Kh8 14. g4 h4 15. g5 Nxg5 16. Qxh4+ Nh7 17. Qg3 Bf6 18. h4 Rg8 19. f4 Rae8 20. Be2 Nc4 21. Bc1 b5 22. f5 Bc8 23. d5 Bb7 24. dxc6 Qxc6 25. Nd5 Rc8 26. Bd3 a5 27. Qf2 a4 28. Bxc4 bxc4 29. Na5 Qb5 30. Nxb7 Qxb7 31. Rh3 Bd8 32. Bg5 Rb8 33. b3 Bb6 34. Qe2 cxb3 35. cxb3 Bd4 36. f6 Qd7 37. Rhd3 axb3 38. axb3 Qa4 39. fxg7+ Kxg7 40. Qa2 Qxa2+ 41. Kxa2 Ra8+ 42. Kb1 Nxg5 43. Rg3 Ra1+ 44. Kc2 Kh6 45. Rxa1 Bxa1 46. Ne7 Rd8 47. Rxg5 Kh7 48. Nf5 f6 49. Rg7+ Kh8 50. h5 d5 51. h6 Rg8 52. exd5 e4 53. d6 Be5 54. d7 Bc7 55. Kd2 Bf4+ 56. Ke2 Ra8 57. Re7 Bc7 58. Re8+ 1-0

[Event "Open A"]
[Site "Cortina d'Ampezzo"]
[Date "2005.07.10"]
[Round "1.14"]
[White "Braghetta, Sergio"]
[Black "Tamburini, Lorenzo"]
[Result "1-0"]
[WhiteElo "2264"]
[BlackElo "2055"]
[PlyCount "85"]
[EventDate "2005.07.10"]
[EventType "swiss"]
[EventRounds "9"]
[EventCountry "ITA"]

1. e4 e5 2. Nf3 Nf6 3. d4 Nxe4 4. Bd3 d5 5. Nxe5 Nd7 6. Nxd7 Bxd7 7. O-O Qh4 8. c4 Nf6 9. Qe2+ Be7 10. Nc3 Qxd4 11. cxd5 Nxd5 12. Nxd5 Qxd5 13. Bc4 Qf5 14. Bd2 Be6 15. Rae1 O-O-O 16. Bxe6+ fxe6 17. Bc3 Bf6 18. Rc1 Bd4 19. Qc4 Bb6 20. a4 Rd5 21. b4 a5 22. bxa5 Rc5 23. Qe2 Bxa5 24. Bxg7 Rxc1 25. Rxc1 Rg8 26. Bb2 Bb6 27. Kh1 e5 28. f3 Qg5 29. Rc2 Rd8 30. g3 Bd4 31. a5 Qg6 32. Kg2 h5 33. Qc4 Qd6 34. a6 bxa6 35. Ba3 Qb6 36. Qe2 Qb5 37. Qe4 Qa4 38. Be7 Re8 39. Bd6 c5 40. Bxc5 Kd7 41. Qd5+ Kc8 42. Rc4 Qa2+ 43. Kh3 1-0

[Event "Open A"]
[Site "Cortina d'Ampezzo"]
[Date "2005.07.10"]
[Round "1.18"]
[White "Navarro, Stefano"]
[Black "Forato, Enrico"]
[Result "1-0"]
[WhiteElo "2209"]
[BlackElo "1974"]
[PlyCount "51"]
[EventDate "2005.07.10"]
[EventType "swiss"]
[EventRounds "9"]
[EventCountry "ITA"]

1. e4 c5 2. Nf3 e6 3. d4 cxd4 4. Nxd4 Nf6 5. Nc3 d6 6. f4 Be7 7. Qf3 Nc6 8. Be3 a6 9. O-O-O O-O 10. e5 Nxd4 11. Bxd4 Ne8 12. exd6 Nxd6 13. Ne4 Qc7 14. Be5 Rd8 15. Nxd6 Bxd6 16. Qd3 a5 17. Bxd6 Qc6 18. Qa3 b5 19. Qc5 Qxc5 20. Bxc5 Rxd1+ 21. Kxd1 Bb7 22. Bxb5 Bxg2 23. Rg1 Bf3+ 24. Kc1 Be4 25. Bd4 f6 26. Bxf6 1-0

[Event "Open A"]
[Site "Cortina d'Ampezzo"]
[Date "2005.07.10"]
[Round "1.15"]
[White "Marta, Daniele"]
[Black "Lava, Giovanni"]
[Result "1-0"]
[WhiteElo "2024"]
[BlackElo "2257"]
[PlyCount "105"]
[EventDate "2005.07.10"]
[EventType "swiss"]
[EventRounds "9"]
[EventCountry "ITA"]

1. d4 Nf6 2. c4 g6 3. Nc3 d5 4. cxd5 Nxd5 5. e4 Nxc3 6. bxc3 Bg7 7. Bc4 O-O 8. Ne2 c5 9. O-O Nc6 10. Be3 Bg4 11. f3 Na5 12. Bxf7+ Rxf7 13. fxg4 Rxf1+ 14. Kxf1 cxd4 15. cxd4 e5 16. d5 Nc4 17. Bf2 Rc8 18. Kg1 Qd7 19. h3 b5 20. Qd3 Bf8 21. Rc1 a6 22. Kh2 Nd6 23. Rxc8 Qxc8 24. Bg3 Qc4 25. Qxc4 Nxc4 26. Nc1 Bc5 27. Nd3 Bd4 28. Bf2 Bxf2 29. Nxf2 Kf7 30. Nd3 Ke7 31. Kg3 Kd6 32. Kf3 a5 33. Ke2 b4 34. g3 Nb6 35. Nb2 Kc5 36. Kd3 a4 37. Kc2 Kd4 38. d6 b3+ 39. axb3 axb3+ 40. Kxb3 Kxe4 41. Na4 Nd7 42. Kc4 Kf3 43. Nc5 Nb8 44. Kd5 Kxg3 45. Kxe5 g5 46. Kf6 Kh4 47. Na6 Nd7+ 48. Ke6 Nf8+ 49. Kf7 Nd7 50. Ke7 Ne5 51. Nb8 Kxh3 52. Kf6 Nxg4+ 53. Kxg5 1-0

[Event "Open A"]
[Site "Cortina d'Ampezzo"]
[Date "2005.07.10"]
[Round "1.16"]
[White "Napoli, Nicolo"]
[Black "Ricci, Alfredo"]
[Result "1/2-1/2"]
[WhiteElo "2225"]
[BlackElo "2015"]
[PlyCount "87"]
[EventDate "2005.07.10"]
[EventType "swiss"]
[EventRounds "9"]
[EventCountry "ITA"]

1. e4 e6 2. d4 d5 3. Nc3 dxe4 4. Nxe4 Nd7 5. Nf3 Ngf6 6. Bg5 Be7 7. Bxf6 Nxf6 8. Bd3 O-O 9. Qe2 c5 10. dxc5 Nxe4 11. Qxe4 f5 12. Qe2 Bxc5 13. O-O Qf6 14. c3 Bd7 15. Bc4 Rae8 16. Rfe1 Kh8 17. Rad1 Bc6 18. Ne5 Qg5 19. Nxc6 bxc6 20. Qf3 e5 21. Qxc6 Bb6 22. Bf1 e4 23. Qa4 Re6 24. Re2 Rh6 25. Qb4 Rc8 26. Rd5 e3 27. f4 Qh4 28. g3 Rg6 29. Rxf5 h6 30. a4 Qg4 31. Rf8+ Rxf8 32. Qxf8+ Kh7 33. Qe8 Qf3 34. b4 Rd6 35. f5 Qxf5 36. Qa8 Rd1 37. Qg2 a5 38. bxa5 Bxa5 39. Ra2 Rd2 40. Rxd2 exd2 41. Qxd2 Bb6+ 42. Kg2 Qe4+ 43. Kh3 Qf5+ 44. Kg2 1/2-1/2

[Event "Open A"]
[Site "Cortina d'Ampezzo"]
[Date "2005.07.10"]
[Round "1.17"]
[White "Boscolo, Marco"]
[Black "Satta, Vladimiro"]
[Result "1-0"]
[WhiteElo "2006"]
[BlackElo "2223"]
[PlyCount "67"]
[EventDate "2005.07.10"]
[EventType "swiss"]
[EventRounds "9"]
[EventCountry "ITA"]

1. Nf3 g6 2. d4 Bg7 3. e4 d6 4. h3 Nd7 5. c3 e5 6. Bd3 Ngf6 7. O-O O-O 8. dxe5 dxe5 9. Qe2 Nc5 10. Rd1 Qe7 11. Bc2 Nh5 12. Na3 Ne6 13. g3 b6 14. Nc4 Ba6 15. b3 Kh8 16. Be3 f5 17. exf5 Nef4 18. Bxf4 Nxf4 19. gxf4 gxf5 20. Nfxe5 Qh4 21. Qf3 Rab8 22. Qg3 Qh5 23. Rd7 Bf6 24. Kh2 b5 25. Ne3 Bc8 26. Rxc7 Be6 27. Qf3 Qe8 28. Qc6 Bxe5 29. fxe5 Qg6 30. Rg1 Qh6 31. Qf3 Rg8 32. Rxg8+ Rxg8 33. Bxf5 Rf8 34. Rc6 1-0

[Event "Open A"]
[Site "Cortina d'Ampezzo"]
[Date "2005.07.11"]
[Round "2.1"]
[White "Godena, Michele"]
[Black "Genocchio, Daniele"]
[Result "1-0"]
[WhiteElo "2522"]
[BlackElo "2306"]
[PlyCount "47"]
[EventDate "2005.07.10"]
[EventType "swiss"]
[EventRounds "9"]
[EventCountry "ITA"]

1. e4 g6 2. d4 Bg7 3. c3 d6 4. Nf3 Nf6 5. Bd3 O-O 6. O-O c5 7. h3 Nc6 8. d5 Na5 9. Na3 e6 10. Re1 b6 11. dxe6 Bxe6 12. Bf4 d5 13. Ng5 Nh5 14. Bd2 Nc6 15. exd5 Bxd5 16. Nxh7 Ne5 17. Rxe5 Bxe5 18. Nxf8 Qxf8 19. Bc4 Bb7 20. Qg4 Qd6 21. Bg5 Re8 22. Rd1 Qc6 23. Bb5 Qc8 24. Bxe8 1-0

[Event "Open A"]
[Site "Cortina d'Ampezzo"]
[Date "2005.07.11"]
[Round "2.2"]
[White "Guido, Flavio"]
[Black "Drazic, Sinisa"]
[Result "0-1"]
[WhiteElo "2305"]
[BlackElo "2497"]
[PlyCount "118"]
[EventDate "2005.07.10"]
[EventType "swiss"]
[EventRounds "9"]
[EventCountry "ITA"]

1. e4 e6 2. d4 d5 3. e5 c5 4. c3 Qb6 5. Nf3 Bd7 6. a3 c4 7. Nbd2 Nc6 8. Be2 Na5 9. O-O Ne7 10. Re1 Nec6 11. Rb1 Be7 12. Qc2 h6 13. Nf1 Qb3 14. Bd1 Qxc2 15. Bxc2 Nb3 16. Be3 Nca5 17. h4 O-O-O 18. Ng3 Ba4 19. Re2 Nc6 20. h5 b5 21. Rf1 Kd7 22. Nh2 Rdf8 23. Ng4 Bh4 24. Nh1 Nba5 25. Bb1 Nb7 26. Kh2 a5 27. f4 Nbd8 28. f5 exf5 29. Bxf5+ Ne6 30. Kh3 Bd8 31. Ng3 Ne7 32. Bb1 Bb6 33. Ref2 Ke8 34. Kh2 b4 35. axb4 axb4 36. Rd2 Ba5 37. Rc1 Kd7 38. Rf2 Bb3 39. Bd2 Bd8 40. Rcf1 Ke8 41. Nf5 Nxf5 42. Bxf5 Bb6 43. Ne3 Nc7 44. Bc8 bxc3 45. bxc3 Ke7 46. Nf5+ Kd8 47. Bb7 Bc2 48. Nxg7 Bd3 49. Ra1 f5 50. exf6 Kd7 51. f7 Rh7 52. Ne8 Rhxf7 53. Rxf7+ Rxf7 54. Nxc7 Bxc7+ 55. Kg1 Be4 56. Bxh6 Rf5 57. Rf1 Bh2+ 58. Kxh2 Rxf1 59. Bg7 Rb1 0-1

[Event "Open A"]
[Site "Cortina d'Ampezzo"]
[Date "2005.07.11"]
[Round "2.3"]
[White "Efimov, Igor"]
[Black "Braghetta, Sergio"]
[Result "1-0"]
[WhiteElo "2401"]
[BlackElo "2264"]
[PlyCount "43"]
[EventDate "2005.07.10"]
[EventType "swiss"]
[EventRounds "9"]
[EventCountry "ITA"]

1. d4 Nf6 2. Nf3 g6 3. c4 Bg7 4. Nc3 c5 5. d5 d6 6. Bg5 h6 7. Bh4 Qa5 8. Nd2 a6 9. e4 Nbd7 10. Be2 O-O 11. O-O Rb8 12. a4 Ne5 13. f4 Neg4 14. Rf3 g5 15. fxg5 hxg5 16. Bxg5 Ne5 17. Rg3 Ng6 18. h4 Nh7 19. h5 Nxg5 20. Rxg5 Bf6 21. Rg3 Bh4 22. Qe1 1-0

[Event "Open A"]
[Site "Cortina d'Ampezzo"]
[Date "2005.07.11"]
[Round "2.4"]
[White "Navarro, Stefano"]
[Black "Vezzosi, Paolo"]
[Result "1/2-1/2"]
[WhiteElo "2209"]
[BlackElo "2380"]
[PlyCount "47"]
[EventDate "2005.07.10"]
[EventType "swiss"]
[EventRounds "9"]
[EventCountry "ITA"]

1. e4 e6 2. d4 d5 3. exd5 exd5 4. c4 Nc6 5. Be3 Nf6 6. Nc3 Be7 7. a3 O-O 8. Bd3 Be6 9. cxd5 Nxd5 10. Nge2 Bg5 11. Nxd5 Bxd5 12. O-O h6 13. Qd2 Re8 14. Rfe1 Be4 15. Bc4 Bxe3 16. fxe3 Bd5 17. Bxd5 Qxd5 18. Nc3 Qg5 19. Rad1 Rad8 20. Qf2 Re6 21. Kh1 Qe7 22. e4 a6 23. Qe3 Red6 24. Nd5 1/2-1/2

[Event "Open A"]
[Site "Cortina d'Ampezzo"]
[Date "2005.07.11"]
[Round "2.16"]
[White "Maneschi, Giuseppe"]
[Black "Popa, Claudio"]
[Result "1/2-1/2"]
[WhiteElo "2086"]
[BlackElo "2183"]
[PlyCount "81"]
[EventDate "2005.07.10"]
[EventType "swiss"]
[EventRounds "9"]
[EventCountry "ITA"]

1. d4 d5 2. Nf3 Nf6 3. e3 Bf5 4. Ne5 Nbd7 5. g4 Bg6 6. h4 Nxe5 7. dxe5 Nxg4 8. Qxg4 Bxc2 9. Na3 Be4 10. f3 h5 11. Qf4 Bg6 12. e6 Qd6 13. Qxd6 exd6 14. exf7+ Bxf7 15. Nb5 Kd8 16. Bh3 Be7 17. Bf5 Bf6 18. Bd2 Re8 19. Rc1 Re7 20. b3 Be8 21. Nc3 Re5 22. Bd3 d4 23. Nd1 Bc6 24. Kf2 Re8 25. Bg6 Rf8 26. Bxh5 Rh8 27. Bg4 Rxh4 28. Rxh4 Bxh4+ 29. Kg2 Bg5 30. Rc2 dxe3 31. Nxe3 Bd7 32. Nf5 Bf6 33. Bc3 Bxc3 34. Rxc3 g6 35. Ne3 c6 36. Bxd7 Kxd7 37. Ng4 Rf8 38. Re3 a5 39. Kh3 c5 40. Kh4 Rf5 41. Kg3 1/2-1/2

[Event "Open A"]
[Site "Cortina d'Ampezzo"]
[Date "2005.07.11"]
[Round "2.14"]
[White "Lava, Giovanni"]
[Black "Fontana, Enrico"]
[Result "1/2-1/2"]
[WhiteElo "2257"]
[BlackElo "2097"]
[PlyCount "30"]
[EventDate "2005.07.10"]
[EventType "swiss"]
[EventRounds "9"]
[EventCountry "ITA"]

1. d4 Nf6 2. Nf3 c5 3. d5 e6 4. Nc3 exd5 5. Nxd5 Nxd5 6. Qxd5 Be7 7. Bg5 Nc6 8. c3 d6 9. O-O-O Be6 10. Bxe7 Qxe7 11. Qxd6 Qxd6 12. Rxd6 Bxa2 13. e3 Ke7 14. Rd1 Bb3 15. Rd2 Rhd8 1/2-1/2